Cultura general por letra - W - Estadísticas

Estadísticas generales
  • Esta prueba ha sido intentada 1.480 veces
    531 desde el último reinicio
  • La puntuación promedio es 11 de 20
Estadísticas de respuestas
Pista Respuesta % Correcto
Canción de Shakira para el mundial del 2010 Waka Waka
98%
Programa de Microsoft para escribir documentos Word
98%
"Blanco" en inglés White
96%
Utilizado para conectarse a internet sin cables Wifi
92%
Creador de la familia Mickey Mouse Walt Disney
88%
Cadena de supermercados estadounides de talla global Walmart
81%
Niña que cose de vuelta su sombra a Peter Pan Wendy
78%
Moneda de Corea del Sur Won
69%
Apellido del asistente de Sherlock Holmes Watson
68%
Primer ministro británico durante la Segunda Guerra Mundial Winston Churchill
59%
Oso amarillo que habita en el Bosque de los Cien Acres Winnie Pooh
57%
Famosa marca de productos deportivos, siendo personaje de la película Náufrago Wilson
51%
Musical de Broadway inspirado en El Mago de Oz Wicked
42%
Actriz protagonista de las películas de Beetlejuice Winona Ryder
33%
Capital de Namibia Windhoek
29%
Marsupial australiano parecido a un canguro, pero más pequeño Walabi
25%
Región donde firmaron dos tratados de paz que terminaron la guerra de los Ochenta Años Westfalia
25%
Famosa playa hawaiana Waikiki
20%
Canción de Taylor Swift de su álbum 1989 Wildest Dreams
14%
Fiel compañero alado de Snoopy Woodstock
7%
No se encontraron pruebas coincidentes
Distribución de puntuación
Porcentaje de gente con cada puntuación
Porcentaje por número respondido
Historial de tus puntuaciones
No has intentado esta prueba desde el último reinicio